X Censo Nacional de Población y VI de Vivienda 2011: características de las viviendas /
El texto presenta el segundo tomo del X Censo Nacional centrado en las características de vivienda, lo que brinda información referente a la situación habitacional de la población y las características de las viviendas del país. Los resultados se presentan con 23 cuadros estadísticos, con niveles de...
Guardado en:
| Autor Corporativo: | |
|---|---|
| Formato: | Desconocido |
| Lenguaje: | Spanish |
| Publicado: |
Costa Rica :
INEC
|
| Materias: | |
| Etiquetas: |
Agregar Etiqueta
Sin Etiquetas, Sea el primero en etiquetar este registro!
|
MARC
| LEADER | 00000 a2200000 04500 | ||
|---|---|---|---|
| 001 | 44987 | ||
| 003 | cru IIS | ||
| 005 | 20221213135943.0 | ||
| 008 | 050704s2012 cr spa d | ||
| 020 | |a 978-9968-921-94-7 | ||
| 022 | |a 978-9968-921-94-7 | ||
| 040 | |c CRAI IIS | ||
| 090 | |a 1001 CR8375cv X2011 T.2 | ||
| 110 | |a Instituto Nacional de Estadística y Censos (Costa Rica) | ||
| 245 | |a X Censo Nacional de Población y VI de Vivienda 2011: |b características de las viviendas / |c Instituto Nacional de Estadística y Censos | ||
| 246 | |a Censo 2011 | ||
| 260 | |a Costa Rica : |b INEC | ||
| 300 | |a Tomo II, 480 páginas : |b ilustraciones, tablas, mapas | ||
| 520 | |a El texto presenta el segundo tomo del X Censo Nacional centrado en las características de vivienda, lo que brinda información referente a la situación habitacional de la población y las características de las viviendas del país. Los resultados se presentan con 23 cuadros estadísticos, con niveles desagregados a nivel de provincia, cantón con algunos datos llegando al nivel distrital. FGO 13/12/2022 | ||
| 650 | 0 | |2 TESAURO OCDE |9 3849 |a CENSOS DE POBLACION | |
| 650 | 0 | |2 TESAURO OCDE |9 835 |a CENSOS DE VIVIENDAS | |
| 650 | 0 | |2 TESAURO OCDE |9 2923 |a RECOPILACIÓN DE DATOS | |
| 651 | 0 | |2 TESAURO OCDE |9 32 |a COSTA RICA | |
| 942 | |2 ddc |c LI | ||
| 999 | |c 5726 |d 5726 | ||



